Participación guiada de psicólogos en formación en dos comunidades de práctica profesional.

Gardado en:
Detalles Bibliográficos
Autor Principal: De Diego Correa, Marisol (autor)
Outros autores: Weiss Horz, Eduardo (autor) (autor)
Formato: Libro
Idioma:Lingua castelá
Temas:
Acceso en liña:Ver documento en línea
Etiquetas: Engadir etiqueta
Sen Etiquetas, Sexa o primeiro en etiquetar este rexistro!

MARC

LEADER 00000nam^a2200000^u^4500
001 000534547
005 20260512000000.0
008 170306s10001000^^^^cr^^r^^^^^000^0^spa^d
009 20260512123943.115
022 |a 01852698 
035 |a FCE 000078795 
037 |a Acervo ITESO - Biblioteca 
041 |a spa 
095 |a PERFILES EDUCATIVOS  |b 155/2017 
100 |a De Diego Correa, Marisol  |e (autor) 
245 1 0 |a Participación guiada de psicólogos en formación en dos comunidades de práctica profesional. 
264 |a México :  |b UNAM, IISUE,  |c 2017. 
300 |a pp. 20-37 
336 |a texto  |b txt  |2 rdacontenido 
337 |a sin mediación  |b n  |2 rdamedio 
338 |a volumen  |b nc  |2 rdasoporte 
649 |a XX 
650 |a Formación profesional 
650 |a Práctica profesional 
650 |a Psicólogos 
650 |a Comunidades de práctica 
650 |a Participación guiada 
740 |g vol. 39, no. 155, 2017, pp. 20-37  |t Perfiles educativos, 
700 |a Weiss Horz, Eduardo  |e (autor) 
856 4 0 |u https://www.iisue.unam.mx/perfiles/perfiles_articulo.php?clave=2017-155-20-37  |y Ver documento en línea 
910 |a Fondo Centro de Estudios Educativos 
920 |a Impresos - Libros 
930 |a Fondos Especiales 
905 |a 133 
902 |a https://opac.biblio.iteso.mx/vufind/Record/000534547